000 00507nam a22001457a 4500
005 20180827132818.0
020 _a8120314786
_c225.00
035 _aA-951012, A-951018
037 _aDPL
_bENG
100 _aTompkins, Willis J.
245 _aBiomedical digital signal processing :
_bC-language examples and laboratory experiments for the IBM PC /
_cby Willis J. Tompkins
260 _aNew Delhi
_bPrentice-Hall of India
_c1999
300 _axi, 368p.
_c22 cms.
942 _2ddc
_cEN
_h005.36
_mTOM
999 _c62168
_d62168